A guide to synchroton radiation science (Record no. 19365)

MARC details
000 -LEADER
fixed length control field 00644nam a2200205Ia 4500
003 - CONTROL NUMBER IDENTIFIER
control field IN-BaIIA
008 - FIXED-LENGTH DATA ELEMENTS--GENERAL INFORMATION
fixed length control field 211028s9999 xx 000 0 eng d
020 ## - INTERNATIONAL STANDARD BOOK NUMBER
International Standard Book Number 978-81-8487-373-3
040 ## - CATALOGING SOURCE
Transcribing agency IIA Library
080 ## - UNIVERSAL DECIMAL CLASSIFICATION NUMBER
Universal Decimal Classification number 538.6
Item number GUI
245 #2 - TITLE STATEMENT
Title A guide to synchroton radiation science
Statement of responsibility, etc. edited by Makoto Watanabe, Shigeru Sato and Ian Munro
260 ## - PUBLICATION, DISTRIBUTION, ETC.
Place of publication, distribution, etc. New Delhi
Name of publisher, distributor, etc. Narosa Publishing House
Date of publication, distribution, etc. 2016
300 ## - PHYSICAL DESCRIPTION
Extent [various pagings.]
650 ## - SUBJECT ADDED ENTRY--TOPICAL TERM
Topical term or geographic name entry element Radiative science
9 (RLIN) 37033
650 ## - SUBJECT ADDED ENTRY--TOPICAL TERM
Topical term or geographic name entry element Synchroton
9 (RLIN) 37034
700 ## - ADDED ENTRY--PERSONAL NAME
Personal name Munro, Ian., ed.
9 (RLIN) 37035
700 ## - ADDED ENTRY--PERSONAL NAME
Personal name Sato, Shigeru., ed.
9 (RLIN) 37036
700 ## - ADDED ENTRY--PERSONAL NAME
Personal name Watanabe, Makote., ed.
9 (RLIN) 37037
942 ## - ADDED ENTRY ELEMENTS (KOHA)
Koha item type Books
Holdings
Withdrawn status Lost status Damaged status Not for loan Home library Current library Shelving location Date acquired Source of acquisition Cost, normal purchase price Total Checkouts Full call number Barcode Date last seen Cost, replacement price Price effective from Koha item type Purchase Price
        IIA Library-Bangalore IIA Library-Bangalore General Stacks 24/09/2018 ANJ 11975.00   538.6/ GUI 20287 05/11/2021 11975.00 24/09/2018 Books Rs. 11975.00

Powered by Koha